000 01213cam a2200337 i 4500
999 _c49416
_d49416
001 4188989
005 20200310165915.0
008 800820s1981 nju b 001 0 eng
010 _a 80007523
020 _a0691072574 :
_c$25.00
020 _a0691100993 (pbk.) :
_c$9.95
040 _aDLC
_cDLC
_dDLC
041 1 _aengger
100 1 _aGoldziher, Ignác,
_d1850-1921.
240 1 0 _aVorlesungen über den Islam.
_lEnglish
245 1 0 _aIntroduction to Islamic theology and law /
_cby Ignaz Goldziher ; translated by Andras and Ruth Hamori ; with an introd. and additional notes by Bernard Lewis.
260 _aPrinceton, N.J. :
_bPrinceton University Press,
_cc1981.
300 _axv, 302 p. ;
_c25 cm.
336 _atext
337 _aunmediated
338 _avolume
440 0 _aModern classics in Near Eastern studies
500 _aTranslation of Vorlesungen über den Islam.
500 _aIncludes index.
504 _aBibliography: p. 269-295.
650 0 _aIslam.
700 1 _aLewis, Bernard,
_d1916-2018.
856 4 2 _3Publisher description
_uhttp://www.loc.gov/catdir/enhancements/fy1505/80007523-d.html
906 _a7
_bcbc
_corignew
_du
_eocip
_f19
_gy-gencatlg
942 _2lcc
_cBK